| 000 | 00442nam a22001577a 4500 | ||
|---|---|---|---|
| 008 | 260604b |||||||| |||| 00| 0 eng d | ||
| 020 | _a9789966643667 | ||
| 050 |
_aPR 6059 _b.S5 1986 |
||
| 100 | _a Ishiguro Kazuo | ||
| 245 | _aAn Artist of the Floating World / | ||
| 250 | _a1st ed. | ||
| 260 |
_aKenya : _bLonghorn, _c1986. |
||
| 300 |
_aiv, 237. ; _c15cm. |
||
| 650 | _aFiction | ||
| 942 |
_2lcc _cBOOKS _hPR 6059 .S5 1986 |
||
| 999 |
_c32496 _d32496 |
||